Introduction to radar systems / (Record no. 5929)
[ view plain ]
| 000 -LEADER | |
|---|---|
| fixed length control field | 01026nac a22002651u 4500 |
| 010 ## - LIBRARY OF CONGRESS CONTROL NUMBER | |
| LC control number | 00034879 |
| 020 ## - INTERNATIONAL STANDARD BOOK NUMBER | |
| International Standard Book Number | 0072909803 (alk. paper) |
| 022 ## - INTERNATIONAL STANDARD SERIAL NUMBER | |
| International Standard Serial Number | 007118189x [International ed.] |
| 082 00 - DEWEY DECIMAL CLASSIFICATION NUMBER | |
| Classification number | 621.3848 |
| Item number | SKO |
| 090 ## - LOCALLY ASSIGNED LC-TYPE CALL NUMBER (OCLC); LOCAL CALL NUMBER (OCLC) | |
| -- | 5929 |
| -- | 5929 |
| 100 ## - MAIN ENTRY--PERSONAL NAME | |
| Personal name | Skolnik, Merrill I. |
| 245 10 - TITLE STATEMENT | |
| Title | Introduction to radar systems / |
| Statement of responsibility, etc | Merrill I. Skolnik. |
| 250 ## - EDITION STATEMENT | |
| Edition statement | 3rd ed. |
| 260 ## - PUBLICATION, DISTRIBUTION, ETC. (IMPRINT) | |
| Place of publication, distribution, etc | Boston : |
| Name of publisher, distributor, etc | McGraw Hill,c.2001. |
| Date of publication, distribution, etc | c.2001. |
| 300 ## - PHYSICAL DESCRIPTION | |
| Extent | xii, 772 p. : |
| Other physical details | ill. ; |
| Dimensions | 24 cm. |
| 500 ## - GENERAL NOTE | |
| General note | Includes index. |
| 500 ## - GENERAL NOTE | |
| General note | Accompanied by Solutions manual (1 v. various pagings). |
| 500 ## - GENERAL NOTE | |
| General note | Distributer : Al-Ahram. |
| 511 ## - PARTICIPANT OR PERFORMER NOTE | |
| Participant or performer note | Catalogued By : Mahitab. |
| 650 #0 - SUBJECT ADDED ENTRY--TOPICAL TERM | |
| Topical term or geographic name as entry element | Radar. |
| 856 42 - ELECTRONIC LOCATION AND ACCESS | |
| Materials specified | Publisher description |
| Uniform Resource Identifier | <a href="http://www.loc.gov/catdir/description/mh021/00034879.html">http://www.loc.gov/catdir/description/mh021/00034879.html</a> |
| 856 42 - ELECTRONIC LOCATION AND ACCESS | |
| Materials specified | Table of contents |
| Uniform Resource Identifier | <a href="http://www.loc.gov/catdir/toc/mh021/00034879.html">http://www.loc.gov/catdir/toc/mh021/00034879.html</a> |
| 942 ## - ADDED ENTRY ELEMENTS (KOHA) | |
| Item type | Book - Borrowing |
| Call number prefix | 621.3848SKO |
| Withdrawn status | Item status | Damaged status | Not for loan | Home library | Current library | Shelving location | Date acquired | Source of acquisition | Total Checkouts | Full call number | Barcode | Date last seen | Date last borrowed | Koha item type |
|---|---|---|---|---|---|---|---|---|---|---|---|---|---|---|
| Central Library | Central Library | First floor | 08/11/2007 | Purchase | 3 | 621.3848SKO | 000006983 | 15/07/2025 | 15/06/2014 | Book - Borrowing |